| 000 | 00573nam a2200205Ia 4500 | ||
|---|---|---|---|
| 008 | 220216s9999 xx 000 0 und d | ||
| 100 | _aRajagopal R | ||
| 245 | 0 | _aVariation in leaf tissue membrane thermostability among clones of Hevea brasiliensis | |
| 260 |
_bIndian Journal of Natural Rubber Research _c1988 |
||
| 300 | _a79-82 | ||
| 650 | _aClones | ||
| 650 | _aHevea brasiliensis | ||
| 650 | _aThermostability | ||
| 700 | _aAnnamma Y | ||
| 700 | _aDevakumar A S | ||
| 700 | _aRao G G | ||
| 700 | _aSethuraj M R | ||
| 700 | _aVijayakumar K R | ||
| 942 | _cJS | ||
| 999 |
_c72103 _d72103 |
||